Dinosaurs [

Bibliographic Details
Format: Book
Published: Buffalo : Discis Knowledge Research Inc. , 1994
Subjects:

MARC

LEADER 00000cam a2200000 7i4500
001 0000022726
002 000024595
005 20000330.0
090 0 0 |a 567.91   |b DIN 
245 1 0 |a Dinosaurs [  |h CD-ROM] 
260 |a Buffalo :   |b Discis Knowledge Research Inc. ,   |c 1994 
300 |a 2 CD-ROM 
650 0 0 |a Dinasours in motion picture   |x AV aids 
999 |a CDR00584   |b CD-ROM   |c RUJUKAN   |e PERPUSTAKAAN KOMUNITI PETALING JAYA